Exploring science through art / (Record no. 17286)

MARC details
000 -LEADER
fixed length control field 01311cam a2200349 a 4500
001 - CONTROL NUMBER
control field 2454651
003 - CONTROL NUMBER IDENTIFIER
control field DLC
005 - DATE AND TIME OF LATEST TRANSACTION
control field 20170427130029.0
008 - FIXED-LENGTH DATA ELEMENTS--GENERAL INFORMATION
fixed length control field 890906s1990 nyua j b 001 0 eng
010 ## - LIBRARY OF CONGRESS CONTROL NUMBER
LC control number 89038621
020 ## - INTERNATIONAL STANDARD BOOK NUMBER
International Standard Book Number 0531108902
040 ## - CATALOGING SOURCE
Original cataloging agency DLC
Transcribing agency DLC
Modifying agency DLC
041 ## - LANGUAGE CODE
Language code of text/sound track or separate title eng
042 ## - AUTHENTICATION CODE
Authentication code lcac
050 00 - LIBRARY OF CONGRESS CALL NUMBER
Classification number N72.S3
Item number K38 1990
082 00 - DEWEY DECIMAL CLASSIFICATION NUMBER
Classification number 704.9/43
Edition number 20
100 1# - MAIN ENTRY--PERSONAL NAME
Personal name Katz, Phyllis,
Dates associated with a name 1946-
245 10 - TITLE STATEMENT
Title Exploring science through art /
Statement of responsibility, etc. by Phyllis Katz.
260 ## - PUBLICATION, DISTRIBUTION, ETC. (IMPRINT)
Place of publication, distribution, etc. New York :
Name of publisher, distributor, etc. F. Watts,
Date of publication, distribution, etc. c1990.
300 ## - PHYSICAL DESCRIPTION
Extent 63 p. :
Other physical details col. ill. ;
Dimensions 23 cm.
440 #2 - SERIES STATEMENT/ADDED ENTRY--TITLE
Title A First book
504 ## - BIBLIOGRAPHY, ETC. NOTE
Bibliography, etc Includes bibliographical references (p. 60-61) and index.
520 ## - SUMMARY, ETC.
Summary, etc. Demonstrates how many forms existing in art are taken from natural phenomena and suggests art projects using simple motifs from nature.
650 #0 - SUBJECT ADDED ENTRY--TOPICAL TERM
Topical term or geographic name as entry element Art and science
General subdivision Juvenile literature.
650 #0 - SUBJECT ADDED ENTRY--TOPICAL TERM
Topical term or geographic name as entry element Nature (Aesthetics)
General subdivision Study and teaching
-- Juvenile literature.
650 #0 - SUBJECT ADDED ENTRY--TOPICAL TERM
Topical term or geographic name as entry element Art
General subdivision Study and teaching (Elementary)
-- Juvenile literature.
650 #0 - SUBJECT ADDED ENTRY--TOPICAL TERM
Topical term or geographic name as entry element Science
General subdivision Study and teaching (Elementary)
-- Juvenile literature.
650 #1 - SUBJECT ADDED ENTRY--TOPICAL TERM
Topical term or geographic name as entry element Art and science.
650 #1 - SUBJECT ADDED ENTRY--TOPICAL TERM
Topical term or geographic name as entry element Nature (Aesthetics)
942 ## - ADDED ENTRY ELEMENTS (KOHA)
Source of classification or shelving scheme Dewey Decimal Classification
Koha item type Libro/Book
Holdings
Withdrawn status Lost status Damaged status Not for loan Home library Current library Shelving location Date acquired Inventory number Total Checkouts Full call number Barcode Date last seen Date checked out Price effective from Koha item type
        San Juan Del Sur -- Biblioteca San Juan Del Sur -- Biblioteca Children's Area 27/04/2017 Inventory date: 15-5-25 4 CAJA INGLES 30024343 18/03/2025 05/03/2025 27/04/2017 Libro/Book

Powered by Koha